| 000 | 01636nam a2200337 c 4500 | ||
|---|---|---|---|
| 999 |
_c57310 _d57310 |
||
| 003 | BLK | ||
| 005 | 20220519082110.0 | ||
| 008 | 180408b bul|||||r ||||||| ||bul|| | ||
| 010 | _aKNG00061305000 | ||
| 040 | _aBLK | ||
| 041 |
_aBUL _cBUL |
||
| 080 |
_aЖивотновъдни сгради и съоръжения. Ферми. Спомагателни помещения. Оборудване. Вж и 728. 9; 69; 636. 08; 727. 6; 631. 3 _b631.22 _x(035) _z631.22(035) |
||
| 100 | 1 |
_aПарашкевов, Иван Георгиев _eпърви автор _9251605 |
|
| 139 |
_aПарашкевов, Иван и др. _bП 22 |
||
| 245 | 1 | 0 |
_aСправочник за машините в животновъдството _cИван Георгиев Парашкевов; съавт. Георги Станев; съавт. Михаил Кънчев Касалийски. |
| 257 | _aBGR | ||
| 260 |
_bЗемиздат _c1983 _fХасково : Ат Стратиев _aСофия |
||
| 300 |
_a304 с. _c21 см |
||
| 380 | _a63 | ||
| 650 | 4 |
_aЖивотновъдство - механизация - наръчници и ръководства _9280262 |
|
| 650 | 4 |
_aСелскостопански машини и оръдия - приложение в животновъдството _9287525 |
|
| 653 | _aживотновъдство | ||
| 653 | _aмеханизация | ||
| 700 | 1 |
_aСтанев, Георги _eсъавт. _9251606 |
|
| 700 | 1 |
_aКасалийски, Михаил Кънчев _eсъавт. _9369476 |
|
| 852 | _aЦб 120055 | ||
| 856 | 4 | _qpdf | |
| 856 | 4 | _qpdf | |
| 942 |
_cKNG _n0 _s1 |
||
| 944 |
_aCR _c13.06.2004 _kЧиталня |
||
| 944 |
_aED _c03.09.2015 |
||
| 999 | _d57310 | ||